El piloto del Danubio
Uloženo v:
| Hlavní autor: | |
|---|---|
| Médium: | Kniha |
| Jazyk: | Spanish |
| Vydáno: |
Barcelona, España
Ediciones Orbis
1987
|
| Témata: | |
| Tagy: |
Přidat tag
Žádné tagy, Buďte první, kdo vytvoří štítek k tomuto záznamu!
|
MARC
| LEADER | 00000nam a22000007a 4500 | ||
|---|---|---|---|
| 008 | 180504b xxu||||| |||| 00| 0 spa d | ||
| 040 | |a cru BVZT | ||
| 090 | |a 840 V-16p | ||
| 100 | |a Verne, Julio |9 10 | ||
| 245 | |a El piloto del Danubio |c Julio Verne ; Editorial Molino traductor ; Georges Roux ilustrador | ||
| 260 | |a Barcelona, España |b Ediciones Orbis |c 1987 | ||
| 300 | |a 244 páginas | ||
| 500 | |a Obra escrita en XVIII capítulos | ||
| 505 | |a La presente obra de Julio Verne fue publicada póstumamente, tres años después de la muerte del autor. Apareció en los números 5.838 - 5.877 de Le Journal, correspondientes a las fechas 24.IX - 2.XI de 1908, siendo publicada en volumen por Hetzel en ese mismo año. Se supone que fue bastante mopdificada por el hijo de Julio Verne, Michel Verne | ||
| 546 | |a Español | ||
| 650 | |a Literatura Francesa |9 109 | ||
| 650 | |a Novela |9 13 | ||
| 942 | |2 z |c LIB |j LIB | ||
| 999 | |c 30474 |d 30474 | ||
